Statistics for NBA 2k21 all-time Dallas Mavericks

Click here to take the quiz!

General Stats

  • This quiz has been taken 107 times
  • The average score is 8 of 15

Answer Stats

OverallPlayer% Correct
98Dirk Nowitzki
100%
87Luka Doncic
90%
87Jason Kidd
83%
87Steve Nash
74%
88Mark Aguirre
59%
82Tyson Chandler
59%
85Jason Terry
57%
88Rolando Blackman
54%
88Michael Finley
46%
89Derek Harper
42%
82Shawn Bradley
35%
85James Donaldson
34%
88Jim Jackson
33%
88Jamal Mashburn
27%
85Brad Davis
26%

Score Distribution

Percentile by Number Answered

Percent of People with Each Score

Your Score History

You have not taken this quiz